Library Banner

Portaits of culture : Ethnographic originals (Record no. 12573)

MARC details
000 -LEADER
fixed length control field 00525nam a2200181Ia 4500
001 - CONTROL NUMBER
control field 11718
008 - FIXED-LENGTH DATA ELEMENTS--GENERAL INFORMATION
fixed length control field 140331s9999 xx 000 0 und d
020 ## - INTERNATIONAL STANDARD BOOK NUMBER
International Standard Book Number 0-536-00518-9
040 ## - CATALOGING SOURCE
Transcribing agency PK-LaUMT
082 ## - DEWEY DECIMAL CLASSIFICATION NUMBER
Classification number 306
Item number POR-
100 ## - MAIN ENTRY--PERSONAL NAME
Personal name Ember, Carol R., J. Ed.; (Levinson, David), J. Ed.
245 ## - TITLE STATEMENT
Title Portaits of culture : Ethnographic originals
Statement of responsibility, etc Ember, Carol R., J. Ed.; (Levinson, David), J. Ed.<>Ember, Melvin, Ed.
260 ## - PUBLICATION, DISTRIBUTION, ETC. (IMPRINT)
Date of publication, distribution, etc 1998
300 ## - PHYSICAL DESCRIPTION
Extent 220 p.
546 ## - LANGUAGE NOTE
Language note EN
700 ## - ADDED ENTRY--PERSONAL NAME
Personal name Ember, Melvin, Ed.
942 ## - ADDED ENTRY ELEMENTS (KOHA)
Koha item type Books
Holdings
Withdrawn status Lost status Damaged status Not for loan Home library Current library Date acquired Total Checkouts Full call number Barcode Checked out Date last seen Date checked out Price effective from Koha item type
        UMT Main Campus UMT Main Campus 2014-03-31 1 306 POR- 10023 2020-02-17 2019-10-20 2019-10-20 2014-04-21 Books